Central Library, Doon University
WEBOPAC (ONLINE PUBLIC ACCESS CATALOGUE)

Great Himalayan National Park (Record no. 60882)

MARC details
000 -LEADER
fixed length control field 00578nam a22001937a 4500
005 - DATE & TIME
control field 20260523162941.0
008 - FIXED-LENGTH DATA ELEMENTS--GENERAL INFORMATION
fixed length control field 260523b |||||||| |||| 00| 0 eng d
020 ## - ISBN
International Standard Book Number 9789386906717
Price 1500.00
040 ## - CATALOGING SOURCE
Original cataloging agency Doon University
041 ## - Language
Language English
082 ## - DDC NUMBER
Classification number 333.9516095
Book Number PAN
100 ## - MAIN ENTRY--PERSONAL NAME
Personal name Pandey, Sanjeeva
245 ## - TITLE STATEMENT
Title Great Himalayan National Park
Sub Title : The Struggle To Save The Western Himalayas
260 ## - PUBLICATION, DISTRIBUTION, ETC. (IMPRINT)
Place of publication, distribution, etc New Delhi
Name of publisher, distributor, etc Niyogi Books
Date of publication, distribution, etc 2019
300 ## - PHYSICAL DESCRIPTION
Pages 364
650 ## - Subject
Subject Uttarakhand Collection; Himalaya Collection
700 ## - Added Entry Personal Name
Added Entry Personal Name Gaston, Anthony J.
942 ## - ADDED ENTRY ELEMENTS (KOHA)
Koha item type Books
100 ## - MAIN ENTRY--PERSONAL NAME
-- 5922
650 ## - Subject
-- 13
700 ## - Added Entry Personal Name
-- 26909
952 ## - LOCATION AND ITEM INFORMATION (KOHA)
-- 2026-05-23
Holdings
Withdrawn status Lost status Source of classification or shelving scheme Damaged status Not for loan Location (home branch) Sublocation or collection (holding branch) Date acquired Koha issues (times borrowed) Koha full call number Accession No. Koha date last seen Koha item type
          Doon University Doon University 23.05.2026   333.9516095 PAN 53970 23.05.2026 Books
Contact : +91-135-2533126 (Library),+91-135-2533105 (Admin Office) , Email : doonlibrary@gmail.com

Powered by Koha